FC Bayern Munich Captains - Statistics

General Stats
  • This quiz has been taken 167 times
  • The average score is 8 of 17
Answer Stats
Hint Answer % Correct
2017- Manuel Neuer
92%
2011-2017 Philipp Lahm
90%
2002-2008 Oliver Kahn
88%
1970-1977 Franz Beckenbauer
85%
1979 Gerd Muller
82%
1994-1997 Lothar Matthaus
70%
1983-1984 Karl Heinz Rummenigge
62%
1992-2002 Stefan Effenberg
52%
2008-2011 Mark Van Bommel
45%
1977-1979 Sepp Maier
45%
1980-1983 Paul Breitner
34%
1984-1991 Klaus Augenthaler
28%
1979-1980 Georg Schwarzenbeck
18%
1997-1999 Thomas Helmer
18%
1991-1994 Raimond Aumann
12%
1965-1970 Werner Olk
10%
1965 Adolf Kunstwadl
2%
No matching quizzes found
Score Distribution
Percent of People with Each Score
Percentile by Number Answered
Your Score History
You have not taken this quiz